Geografia dla hardkorów - część 1 (tak/nie) - Statystyki

Ogólne statystyki
  • Ten quiz został rozwiązany 123 razy
  • Średni wynik to 10 z 15
Statystyki odpowiedzi
Zagadnienie Odpowiedź % Poprawnych
Każdy kraj w Ameryce Południowej ma dostęp do morza? Nie
90%
Środkowy pas flagi Estonii jest czarny Tak
83%
Belgia ma trzy języki urzędowe Tak
81%
Biała Podlaska znajduje się w województwie mazowieckim Nie
71%
Czy Antarktyka ma więcej lodu niż Arktyka? Tak
71%
Na fladze Portoryko znajdują się trzy gwiazdy Nie
67%
Bajkał jest największym jeziorem na świecie Nie
67%
Norwegia posiada terytoria zamorskie na półkuli południowej Tak
67%
Czy Eswatini jest enklawą? Nie
60%
Sępólno Krajeńskie jest w województwie lubuskim Nie
60%
Rosja graniczy z Koreą Północną Tak
60%
Jednostka podziału administracyjnego Chin i Szwajcarii nazywa się tak samo Tak
58%
Województwo warmińsko-mazurskie nie posiada czynnego pasażerskiego lotniska międzynarodowego Nie
54%
Nauru nie ma oficjalnej stolicy Tak
48%
Na terenie Liechtensteinu znajdują się cztery czynne stacje kolejowe Nie
29%
Nie znaleziono quizów pasujących do podanych kryteriów
Rozkład punktacji
Procent ludzi z każdym wynikiem
Percentyl według liczby udzielonych odpowiedzi
Twoja historia wyników
Nie rozwiązałeś tego quizu